Statistiche per Primi 15 paesi interessati da Covid-19 - 8 mar 2021

Clicka qui per fare il quiz!

Statistiche generali

  • Questo quiz è stato fatto 4 volte
  • Il punteggio medio è 15 su 27

Statistiche sulle risposte

paese% Corretto
Brasile
100%
India
100%
Italia
100%
Russia
100%
Francia
75%
Germania
75%
Iran
75%
Polonia
75%
Portogallo
75%
Regno Unito
75%
Spagna
75%
Stati Uniti
75%
Argentina
50%
Belgio
50%
Colombia
50%
Messico
50%
Paesi Bassi
50%
Slovenia
50%
Svezia
50%
Turchia
50%
Cechia
25%
Israele
25%
Svizzera
25%
Bahrain
0%
Georgia
0%
Lituania
0%
Panama
0%

Distribuzione punteggi

Percentile per numero di risposta

Percentuale di utenti per punteggio

I tuoi punteggi nel tempo

Non hai fatto questo quiz